| 000 | 00352nam a2200133Ia 4500 | ||
|---|---|---|---|
| 008 | 220217s9999||||xx |||||||||||||| ||und|| | ||
| 020 | _a81-7890-157-9 | ||
| 082 | _a530.03 BRO | ||
| 100 |
_aBrown, D. R _95463 |
||
| 245 | 0 | _aAdvance dictionary of physics | |
| 260 |
_aIVY publishing house _bNew Delhi _c2008 |
||
| 300 | _b600 | ||
| 650 | _aPHYSICS | ||
| 999 |
_c176448 _d176448 |
||